Peach Pit Complete Discography - Statistics

General Stats
  • This quiz has been taken 22 times
  • The average score is 26 of 39
Answer Stats
Hint Answer % Correct
Sweet FA Peach Pit
100%
Sweet FA Sweet FA
100%
Being So Normal Being so Normal
88%
Sweet FA/Being So Normal Drop the Guillotine
88%
From 2 to 3 From 2 to 3
88%
Being So Normal Tommy's Party
88%
You and Your Friends You and Your Friends
88%
Being So Normal Alrighty Aphrodite
82%
Being So Normal Private Presley
82%
From 2 to 3 Vickie
82%
You and Your Friends Black Licorice
76%
Sweet FA Seventeen
76%
Being So Normal Techno Show
76%
From 2 to 3 2015
71%
You and Your Friends Brian's Movie
71%
You and Your Friends Denny's Garage
71%
Being So Normal Hot Knifer
71%
You and Your Friends Shampoo Bottles
71%
From 2 to 3 Up Granville
71%
You and Your Friends Adidas
65%
Being So Normal Chagu's Sideturn
65%
You and Your Friends Figure 8
65%
You and Your Friends Psychics in LA
65%
You and Your Friends Puppy Grin
65%
You and Your Friends Second Life with Emily
65%
You and Your Friends Thursday
65%
You and Your Friends Camila, I'm at Home
59%
Being So Normal Not Me
59%
You and Your Friends Your Teeth
59%
Single Did I Make You Cry on Christmas Day?
53%
From 2 to 3 Everything About You
53%
You and Your Friends Feelin' Low (F*ckboy Blues)
53%
From 2 to 3 Give Up Baby Go
53%
From 2 to 3 Last Days of Lonesome
53%
From 2 to 3 Pepsi on the House
53%
You and Your Friends Live at the Swamp
47%
From 2 to 3 Drips on a Wire
35%
From 2 to 3 Lips Like Yours
35%
From 2 to 3 Look Out!
35%
No matching quizzes found
Score Distribution
Percent of People with Each Score
Percentile by Number Answered
Your Score History
You have not taken this quiz